01391cam a22002058i 4500020004200000041000800042082001300050100001300063245006800076260002900144300001800173490004400191505076400235650002300999650002301022700001501045942000701060952010101067999001701168 a9781138243972 (hardback : alk. paper) aENG00a100bKIN aKind Amy00aPhilosophy of mind in the twentieth and twenty-first centuries  aNewYorkbRoutledgec2019 a326 pages cm.0 aThe history of the philosophy of mind ;0 aPhilosophy of mind in the phenomenological tradition / Philip J. Walsh and Jeff Yoshimi -- The mind-body problem in the 20th century / Amy Kind -- A short history of philosophical theories of consciousness in the 20th century / Tim Crane -- 20th century theories of perception / Nico Orlandi -- 20th century theories of personal identity / Jens Johansson -- Introspecting in the 20th century / Maja Spener -- Mental causation / Julie Yoo -- Intentionality: from Brentano to representationalism / Michelle Montague -- Wittgenstein and his legacy / Severin Schroeder -- The boundaries of the mind / Katalin Farkas -- The rise of cognitive science in the 20th century / Carrie Figdor -- Future directions for philosophy of mind / Susan Schneider and Pete Mandik. 0aPhilosophy of mind 0aPhilosophy of mind1 aKind, Amy, cBK 00104070aHMIbHMIcGENd2019-10-10l1o100 KINp25622r2020-02-03s2020-01-27w2026-01-16yBK c22747d22747